000
00224nam a22000857a 4500
008
170616b xxu||||| |||| 00| 0 eng d
100
_9
3435
_a
Chakraborty. S
245
_a
Tampa and the Sparrows
260
_a
New Delhi
_b
N. B. T
_c
2009
999
_c
6810
_d
6810